SSC Napoli Squad 2022-2023 - Statistics

General Stats
  • This quiz has been taken 740 times
    632 since last reset
  • The average score is 21 of 30
Answer Stats
# Position Nation Player % Correct
3 DF South Korea Min-jae Kim
98%
9 FW Nigeria Victor Osimhen
97%
1 GK Italy Alex Meret
94%
11 FW Mexico Hirving Lozano
92%
6 DF Portugal Mário Rui
89%
77 FW Georgia Khvicha Kvaratskhelia
88%
20 MF Poland Piotr Zielinski
86%
7 MF North Macedonia Eljif Elmas
85%
99 MF Cameroon André Zambo Anguissa
84%
68 MF Slovakia Stanislav Lobotka
84%
5 DF Brazil Juan Jesus
82%
22 DF Italy Giovanni Di Lorenzo
79%
18 FW Argentina Giovanni Simeone
77%
21 FW Italy Matteo Politano
77%
13 DF Kosovo Amir Rrahmani
76%
- Coach Italy Luciano Spalletti
73%
81 FW Italy Giacomo Raspadori
72%
17 DF Uruguay Mathías Olivera
72%
4 MF Germany Diego Demme
69%
55 DF Norway Leo Østigård
65%
91 MF France Tanguy Ndombélé
65%
95 GK Italy Pierluigi Gollini
56%
70 MF Italy Gianluca Gaetano
46%
30 GK Italy Salvatore Sirigu
44%
23 FW Italy Alessio Zerbin
43%
19 DF Poland Bartosz Bereszyński
39%
59 DF Italy Alessandro Zanoli
36%
12 GK Italy Davide Marfella
33%
16 GK Poland Hubert Idasiak
33%
31 MF Algeria Karim Zedadka
30%
No matching quizzes found
Score Distribution
Percent of People with Each Score
Percentile by Number Answered
Your Score History
You have not taken this quiz since the last reset